Disney Theme Park Attractions Quiz Stats

 Plays Quiz Updated Nov 18, 2013

Support Sporcle.
Go Orange.
Score 0/25 Timer 06:00
5 Plays Today
% Correct
Dumbo the Flying Elephant
91%
Peter Pan's Flight
89.2%
Pirates of the Caribbean
81%
'It's a Small World'
80.7%
Space Mountain
79.4%
Splash Mountain
77.1%
The Haunted Mansion
75.8%
Snow White's Scary Adventures
72.8%
Stitch's Great Escape!
71.6%
Star Tours: The Adventures Continue
71%
Big Thunder Mountain Railroad
70.4%
Soarin' Over California
65.7%
Kilimanjaro Safaris
63.4%
% Correct
Buzz Lightyear Astro Blasters
63.2%
Test Track
62.4%
Jungle Cruise
60.7%
DINOSAUR
57.8%
Expedition Everest
55.3%
Indiana Jones Adventure: Temple of the Forbidden Eye
49%
Mission: SPACE
45.2%
Kali River Rapids
42.8%
Mr. Toad's Wild Ride
37.9%
Tom Sawyer Island
37.7%
Matterhorn Bobsleds
35.3%
Walt Disney's Enchanted Tiki Room
26.8%

You're not logged in!

Compare scores with friends on all Sporcle quizzes.
OR
Log In

From the Vault

80s Albums: Odd One Out

by aquascape

'Odd' sums up the 80s pretty well.
Remove Ads.
Support Sporcle.
Get the best of Sporcle when you Go Orange. This ad-free experience offers more features, more stats, and more fun while also helping to support Sporcle. Thank you for becoming a member.

Show Comments

Extras

Top Quizzes Today


Score Distribution

Your Account Isn't Verified!

In order to create a playlist on Sporcle, you need to verify the email address you used during registration. Go to your Sporcle Settings to finish the process.

Report this User

Report this user for behavior that violates our Community Guidelines.

Details: